| 000 | 00357nam a22001577a 4500 | ||
|---|---|---|---|
| 003 | SGT | ||
| 020 | _a978-07020-4-954-5 | ||
| 082 | _a617.96, E13S | ||
| 100 | _aSHAIKH, BAHA AL | ||
| 245 | _aESSENTIALS OF ANESTHETIC EQUIPMENT | ||
| 250 | _a4TH | ||
| 260 |
_aEDINBURGH _bCHURCHILL _c2013 |
||
| 300 | _a288 | ||
| 650 | _aANESTHESIA | ||
| 942 |
_2ddc _cBK _01 |
||
| 999 |
_c9050 _d9050 |
||